000 00576nam a2200229Ia 4500
003 OSt
005 20221006152953.0
006 a|||||r|||| 00| 0
007 ta
008 221006b |||||||| |||| 00| 0 eng d
020 _c
_37.50
024 _a30,695
037 _cTextual
040 _aEASL
_cEASL
_beng
041 _2eng
_aeng
100 _aDOBSON W A C H
245 0 _aDictionary of the Chinese particles
260 _aToronto
_bToronto University Press
_c1974
300 _a907p.
_ccm.
942 _cTEXL
_2CC
999 _c1098781
_d1098781